Statystyki dla EURO 2012 KRAJE

Kliknij tutaj aby rozwiązać quiz!

Ogólne statystyki

  • Ten quiz został rozwiązany 470 razy
  • Średni wynik to 14 z 16

Statystyki odpowiedzi

HintOdpowiedź% Poprawnych
1Polska
99%
12Hiszpania
96%
9Portugalia
96%
13Ukraina
96%
2Rosja
94%
7Niemcy
93%
10Włochy
93%
15Francja
91%
3Czechy
89%
16Anglia
88%
4Grecja
88%
14Szwecja
86%
5Holandia
84%
8Chorwacja
74%
6Dania
72%
11Irlandia
71%

Rozkład punktacji

Percentyl według liczby udzielonych odpowiedzi

Procent ludzi z każdym wynikiem

Twoja historia wyników

Nie rozwiązałeś tego quizu